[Event "Rubinstein Memorial 32nd"]
[Site "Polanica Zdroj"]
[Date "1995.??.??"]
[Round "7"]
[White "Kaminski, Marcin"]
[Black "Krasenkow, Michal"]
[Result "1-0"]
[WhiteElo "2495"]
[BlackElo "2590"]
[Annotator "Dolmatov,S"]
[PlyCount "95"]
[EventDate "1995.08.??"]
[EventType "tourn"]
[EventRounds "11"]
[EventCountry "POL"]
[EventCategory "14"]
[SourceTitle "CBM 049"]
[Source "ChessBase"]
[SourceDate "1995.12.01"]
[SourceVersion "1"]
[SourceVersionDate "1995.12.01"]
[SourceQuality "1"]

1. e4 g6 2. d4 Bg7 3. Nf3 d6 (3... c5 $5) 4. c3 Nf6 5. Bd3 O-O 6. O-O Nc6 7. h3
Re8 $6 (7... e5 $5 8. Be3 (8. Re1 Re8 9. Nbd2 d5 10. dxe5 Nxe4 11. Nxe4 dxe4
12. Bxe4 $10 {Velichkovic,S-Cvetkovic,S/1993/}) 8... d5 $5) 8. Be3 a6 9. Nbd2
$14 e5 10. Re1 Bd7 11. a3 Qe7 12. d5 (12. Qc2 $5 Qf8 13. Rad1 $14) 12... Nd8
13. c4 b6 (13... c5 $6 14. b4 $16) 14. b4 Nb7 15. Nb3 (15. Rc1 Nh5 16. c5 dxc5
17. bxc5 Nxc5 18. Bxc5 bxc5 19. Qc2 c6 $10) 15... Ba4 16. Nfd2 (16. Bc2 $2 Bxb3
17. Bxb3 Nxe4 $17) 16... a5 (16... Nh5 17. Bf1 Qf8) 17. Rc1 Nd7 18. Qe2 (18.
Nb1 $5 axb4 19. axb4 f5 20. Nc3 $5 (20. exf5 $6 e4 $132) 20... f4 21. Bd2 Bxb3
22. Qxb3 f3 23. g3 $14) 18... Reb8 $6 (18... Qf8 $5) 19. Bc2 Qf8 20. Nb1 Bh6
21. Bxh6 Qxh6 22. Nc3 axb4 23. axb4 Nf6 24. Qf3 Kg7 (24... Nh5 25. Nxa4 Rxa4
26. Nd4 Ra2 27. Nb5 $40) 25. Nxa4 Rxa4 26. Qc3 $5 (26. Nd4 Ra2 27. Nb5 Rc8)
26... Rba8 27. Ra1 Nd8 $2 (27... Rxa1 $5 28. Rxa1 Rxa1+ 29. Qxa1 Qf4 $5 (29...
Nh5 $2 30. Qa7 Nf4 31. Qxb7 Qg5 32. g3 Nxh3+ 33. Kf1 Qg4 34. Qxc7 Qf3 35. Qxb6
$16) 30. Qa7 $2 Nxe4 31. Bxe4 Qxe4 32. Nd2 Qe1+ 33. Nf1 Qxb4 34. Qxb7 Qxc4 $132
) 28. Rxa4 Rxa4 29. c5 $16 bxc5 30. bxc5 Ra7 31. cxd6 cxd6 32. Qc8 Rd7 (32...
Nb7 $5 33. Qb8 Ra2 34. Bb1 Rb2 35. Qxb7 Qf4 36. Rf1) 33. Bd3 Qf4 34. Re3 $18
Rb7 35. g3 Qg5 36. Na5 Rb2 37. Nc4 Ra2 38. Nxd6 $6 (38. Qxd8 Rxf2 39. Qxd6 $18)
38... Nh5 39. Qg4 Qxg4 40. hxg4 Nf6 41. g5 Ng4 42. Re2 Ra3 43. Bb5 h5 (43... h6
44. Bd7) 44. Rc2 Ra7 45. Rc8 Nb7 46. Ne8+ Kf8 47. Nf6+ Ke7 48. Ng8+ (48. Ng8+
Kd6 49. Rc6+ Kd7 50. Ra6+) 1-0

[Event "RUS-ch"]
[Site "Elista"]
[Date "1995.??.??"]
[Round "7"]
[White "Smagin, Sergey"]
[Black "Burmakin, Vladimir"]
[Result "1-0"]
[WhiteElo "2545"]
[BlackElo "2500"]
[Annotator "Dolmatov,S"]
[PlyCount "79"]
[EventDate "1995.10.??"]
[EventType "swiss"]
[EventRounds "11"]
[EventCountry "RUS"]
[SourceTitle "CBM 050"]
[Source "ChessBase"]
[SourceDate "1996.02.01"]
[SourceVersion "1"]
[SourceVersionDate "1996.02.01"]
[SourceQuality "1"]

1. e4 d6 2. d4 Nf6 3. Bd3 e5 (3... g6 4. Nf3 Bg7 5. O-O) 4. c3 c6 (4... d5 $6
5. dxe5 dxe4 6. Bb5+ Bd7 7. Qe2 Bxb5 8. Qxb5+ Nfd7 9. e6 fxe6 10. Nh3 Nc6 11.
Bg5 Be7 12. Bxe7 Nxe7 13. O-O O-O $13 {Sharif,Me-Gurevich,M/Marseille/1988/})
5. Nf3 Qc7 6. O-O Be7 7. Re1 (7. h3 O-O 8. Re1 Re8 9. Nbd2 $14) 7... Bg4 $6 8.
Nbd2 Nbd7 9. h3 Bh5 10. Nf1 O-O 11. g4 Bg6 12. Ng3 Rfe8 13. a4 $6 (13. Bc2 Bf8
14. dxe5 $16) 13... Bf8 14. dxe5 dxe5 (14... Nxe5 $5 15. Nxe5 dxe5 16. h4 h6
17. h5 Bh7 18. Bc2 $14) 15. Bc2 Nc5 (15... Bc5 16. b4 $16) 16. h4 Rad8 17. Qe2
h6 $2 (17... h5 $5 18. g5 (18. Bg5 Nxg4 19. Bxd8 Rxd8 $13) 18... Ng4 19. Nd2
Ne6 20. b4 Nf4 $40) 18. h5 Bh7 19. g5 hxg5 20. Nxg5 $16 Ne6 21. Bb3 Nxg5 22.
Bxg5 Be7 (22... Rd6 23. Kg2 Qd7 24. Rad1) 23. h6 gxh6 24. Bxh6 Qc8 25. Kg2 Qg4
(25... Ng4 $5 26. Rh1 Rd6) 26. f3 Qg6 27. Rh1 Kh8 28. Rh3 Rg8 29. Rah1 Bc5 30.
Kf1 b6 (30... Nh5 31. Rxh5 Qxg3 32. Be3 Rg7 33. Bxc5 $18) 31. Qh2 Rd3 32. Nf5
a5 33. Ke2 Rgd8 34. Rg3 Nxe4 35. fxe4 (35. Rxg6 Rd2+ 36. Bxd2 Rxd2+ 37. Kf1
Rxh2 38. Rxh2 fxg6 39. fxe4 $18) 35... Rxg3 36. Qxg3 Qxg3 37. Nxg3 Rg8 38. Kf3
Rg6 39. Nf5 f6 40. Bf7 1-0

[Event "Nikolaev zt"]
[Site "Nikolaev"]
[Date "1995.??.??"]
[Round "7"]
[White "Brodsky, Michail"]
[Black "Rakhmangulov, Andrei"]
[Result "1-0"]
[WhiteElo "2535"]
[BlackElo "2360"]
[Annotator "Dolmatov,S"]
[PlyCount "125"]
[EventDate "1995.03.??"]
[EventType "swiss"]
[EventRounds "11"]
[EventCountry "UKR"]
[SourceTitle "CBM 047"]
[Source "ChessBase"]
[SourceDate "1995.08.01"]
[SourceVersion "1"]
[SourceVersionDate "1995.08.01"]
[SourceQuality "1"]

1. e4 d6 2. d4 Nf6 3. Nc3 c6 4. f4 Qa5 $6 5. Bd3 e5 6. Nf3 Bg4 7. Be3 exd4 (
7... Be7 8. O-O Nbd7 9. h3 exf4 10. Bxf4 Bxf3 11. Qxf3 Qb6 12. Ne2 $14 {
Glek,I-Cseshkovsky,V/Philadelphia/1990/}) 8. Bxd4 Qb4 9. Be2 Nxe4 10. O-O d5 (
10... Nxc3 11. bxc3 Qa5 12. Ng5 $16) 11. a3 {N} (11. Nxe4 dxe4 12. c3 Qxb2 (
12... Qe7 13. Ne5 Bxe2 14. Qxe2 f5 15. Qh5+ g6 16. Nxg6 Qf7 17. Bxh8 $16 {
Kindermann,S-Dorfman,J/Debrecen/1990/}) 13. Re1 f5 14. a4 Nd7 15. Ng5 $16 {
Glek,I-Pribyl,J/BRD/1991/Inf 51/110/}) 11... Qe7 12. Nxe4 dxe4 13. Ng5 (13. Ne5
$44) 13... Bxe2 14. Qxe2 f5 $2 (14... Nd7 $32 15. Nxe4 O-O-O 16. Rae1 (16. Bxa7
$2 f5 17. Ng3 Qxe2 18. Nxe2 b6 $17) 16... Nb6 17. Bxb6 axb6) 15. Qh5+ g6 16.
Qh3 Bg7 17. Bxg7 Qxg7 18. Ne6 Qe7 19. Qc3 Rg8 20. Qb3 Rf8 (20... Rh8 21. Rad1
Na6 22. Qc3 Rg8 23. Qe5 $16) 21. Nxf8 $18 Kxf8 22. Qc3 Kg8 23. Rad1 Na6 24.
Qc4+ Kf8 25. Qd4 Kf7 26. Rf2 Nc7 27. c4 Ne6 28. Qe3 $6 (28. Qd7 $5 Re8 29. b4
$16) 28... Nc5 29. Re2 Re8 30. Qh3 (30. b4 $6 Nd3) 30... h5 31. b4 Ne6 32. Qe3
Rd8 (32... b6 $5 $14) 33. Rxd8 Qxd8 34. Rd2 Qe7 35. c5 Nc7 36. Rd6 Nd5 (36...
Nb5 $2 37. Qb3+ $16) 37. Qg3 Nf6 38. Qb3+ Nd5 39. Qg3 Nf6 40. Qb3+ $2 (40. Kf1
e3 41. Ke2 $16) 40... Nd5 41. Kf1 e3 42. Rxd5 $8 (42. Ke2 Qe4) 42... cxd5 (
42... e2+ 43. Ke1 cxd5 44. Qxd5+ Kf6 45. b5 $16) 43. Qxd5+ Qe6 44. Qxb7+ Kf6
45. Ke2 Qa2+ 46. Kxe3 Qxa3+ 47. Kf2 Qb2+ 48. Kg3 Qe2 (48... Qc3+ 49. Kh4 Qe1+
50. g3 $16) 49. Qc6+ Kg7 50. Qc7+ Kh6 51. h3 Qe1+ 52. Kh2 Qxb4 53. Qe5 Kh7 54.
c6 Qc4 55. c7 a5 56. Kg3 a4 57. Qe7+ Kh6 58. Qd8 Kg7 59. Qe7+ (59. c8=Q h4+ 60.
Kf2 $18) 59... Kh6 60. Qf8+ Kh7 61. c8=Q h4+ 62. Kxh4 Qxf4+ 63. g4 1-0

[Event "Moscow International-B"]
[Site "Moscow"]
[Date "1985.04.??"]
[Round "?"]
[White "Tseshkovsky, Vitaly"]
[Black "Dreev, Alexey"]
[Result "1-0"]
[WhiteElo "2505"]
[BlackElo "2395"]
[Annotator "Dolmatov,S"]
[PlyCount "81"]
[EventDate "1985.04.12"]
[EventType "tourn"]
[EventRounds "13"]
[EventCountry "URS"]
[EventCategory "8"]
[SourceTitle "MCL"]
[Source "ChessBase"]
[SourceDate "1999.07.01"]
[SourceVersion "1"]
[SourceVersionDate "1999.07.01"]
[SourceQuality "1"]

1. e4 e5 2. Nf3 d6 3. d4 exd4 4. Nxd4 g6 5. Nc3 Bg7 6. g3 Nc6 7. Be3 Nf6 8. h3
O-O 9. Bg2 Ne5 (9... Re8 $10 {Byrne,R-Larsen,B/Lugano/1970/ Inf 9/184/}) 10.
O-O c6 (10... Nc4 $6 11. Bc1 c6 12. b3 Ne5 $14) 11. b3 Re8 12. f4 Ned7 13. Bf2
Nc5 14. Re1 $14 d5 $2 (14... Bd7 15. Qd2 Qc7 16. Rad1 Rad8 $14) 15. Nxc6 $1 (
15. e5 $2 Nfe4 16. Nxe4 Nxe4 $132) 15... bxc6 16. Bxc5 Nxe4 17. Nxe4 dxe4 $6 (
17... Bxa1 $32 18. Qxa1 dxe4 19. Rd1 Bd7 $1 (19... Qc7 $2 20. Qf6 $16) (19...
Qa5 20. b4 Qc7 21. Qf6 $16) 20. Qc3 $44) 18. Qxd8 Rxd8 19. Rad1 Rd5 20. Rxd5
cxd5 21. c4 Bb7 22. cxd5 Bxd5 (22... f5 23. d6 Kf7 24. Bf1 Bd5 25. Rd1 Be6 26.
d7 $18) 23. Rd1 $16 (23. Bxe4 $2 Re8 $17) 23... Bc6 24. Rd6 Rc8 25. Bxa7 Bb7 (
25... Ra8 26. Be3 $16) (25... Bf8 26. Rd2 (26. Rd1 Ra8) 26... Bb4 27. Rc2 f5
28. Bf1 $16) 26. Be3 Rc2 27. Rd7 Bc6 28. Rd8+ Bf8 29. Rc8 $18 f6 30. Bf1 Rc3 (
30... Kg7 31. Bb5 Rc3 (31... Bc5 32. Bxc5 Bxb5 33. Bf8+ $18) 32. Bd4 $16) 31.
Bd4 Rc1 (31... Rxg3+ 32. Kh2 Rf3 33. Bc4+ $18) 32. Kf2 Kg7 33. Bc4 Bd5 34. Rc7+
Kh6 35. Bxf6 Rc2+ 36. Ke3 g5 37. fxg5+ Kg6 38. h4 Kf5 39. g4+ Kxg4 40. Be2+
Rxe2+ 41. Kxe2 1-0

[Event "Yerevan"]
[Site "Yerevan"]
[Date "1996.??.??"]
[Round "2"]
[White "Akopian, Vladimir Eduardovic"]
[Black "Ehlvest, Jaan"]
[Result "1/2-1/2"]
[WhiteElo "2620"]
[BlackElo "2660"]
[Annotator "Dolmatov,S"]
[PlyCount "90"]
[EventDate "1996.04.??"]
[EventType "tourn"]
[EventRounds "11"]
[EventCountry "ARM"]
[EventCategory "15"]
[SourceTitle "CBM 053"]
[Source "ChessBase"]
[SourceDate "1996.08.01"]
[SourceVersion "1"]
[SourceVersionDate "1996.08.01"]
[SourceQuality "1"]

1. Nf3 g6 2. e4 d6 3. d4 Nf6 4. Bd3 Bg7 5. O-O O-O 6. c3 c5 7. Nbd2 (7. dxc5 $5
dxc5 8. Qe2 Qc7 9. Bg5 b6 10. Nbd2 Bb7 11. Rad1 $14) 7... cxd4 8. cxd4 Nc6 9.
a3 e5 (9... Bd7 $5 10. h3 e5) 10. d5 Ne7 11. a4 Ne8 (11... Nh5 $5 12. Re1 Nf4
13. Bf1 f5 $13) 12. b3 f5 13. Ba3 Kh8 14. Nc4 Ng8 15. Qc2 Rf7 $6 (15... Ngf6 $5
16. exf5 Nxd5 $5 (16... e4 $6 17. Bxe4 Nxe4 18. Qxe4 Bxf5 19. Qe3 Bxa1 20. Rxa1
) 17. Be4 (17. fxg6 $6 Rxf3 18. gxf3 Nf4 $40) 17... Nf4 $13) 16. Rac1 f4 (16...
Bh6 $2 17. Nfxe5 dxe5 18. Nxe5 $40) 17. Qd2 (17. Bb2 $5 g5 18. Nfxe5 dxe5 19.
Nxe5 $40) 17... g5 18. Qa5 b6 (18... Qxa5 19. Nxa5 g4 20. Nd2 $16) (18... Qf6
19. Nb6 axb6 20. Qxa8 Bd7 21. Bb5 $18) 19. Nxb6 Qxb6 20. Nxg5 Rf6 (20... Qxa5
$4 21. Nxf7#) (20... Re7 21. Qxb6 axb6 22. Rc6 $40) 21. Qxb6 axb6 22. Bb5 (22.
Rc6 $6 h6 23. Nf3 Rb8 24. Rfc1 Bd7 $15) 22... h6 $1 23. Nf3 Ba6 24. Bxa6 Rxa6
25. Rc8 Rf8 26. Rb8 (26. Rfc1 b5) (26. Nh4 Ne7 27. Rb8 Bf6) (26. Nd2 $5 Ngf6
27. Rd8 b5 28. axb5 Rxa3 29. b6 $40) 26... Ngf6 27. Nh4 Kh7 (27... Kg8 28. Ng6
Rf7 29. Bxd6) 28. f3 Nd7 29. Rb7 Nc5 30. Bxc5 dxc5 $1 31. Nf5 Rxf5 32. exf5 Nd6
33. Rc7 Nxf5 $10 34. Rd1 Nd6 35. Rd7 (35. Rc6 Bf8 36. Re1 c4 37. bxc4 Rxa4 $10)
35... b5 36. axb5 Rb6 37. Rc1 Kg6 (37... e4 38. Rxc5 (38. fxe4 Kg6)) 38. Rxc5
Bf8 39. Rc6 $2 (39. g3 $5) 39... Rxb5 40. Rcxd6+ Bxd6 41. Rxd6+ Kg5 42. Rd8
Rxb3 43. d6 Kf6 44. Rh8 Rd3 45. Kf2 Kf5 (45... Kf5 46. Rxh6 Kg5 47. Rh8 Rxd6
48. g4 fxg3+ 49. hxg3 $14) 1/2-1/2

[Event "RUS-ch"]
[Site "Elista"]
[Date "1995.??.??"]
[Round "9"]
[White "Sokolov, Andrei"]
[Black "Zakharevich, Igor"]
[Result "1-0"]
[WhiteElo "2585"]
[BlackElo "2430"]
[Annotator "Dolmatov,S"]
[PlyCount "81"]
[EventDate "1995.10.??"]
[EventType "swiss"]
[EventRounds "11"]
[EventCountry "RUS"]
[SourceTitle "CBM 050"]
[Source "ChessBase"]
[SourceDate "1996.02.01"]
[SourceVersion "1"]
[SourceVersionDate "1996.02.01"]
[SourceQuality "1"]

1. e4 d6 2. d4 Nf6 3. Nc3 g6 4. Be3 c6 5. h3 b5 $2 (5... Bg7 6. f4 b5 7. e5
dxe5 8. dxe5 Qxd1+ 9. Rxd1 $14 {Jansa,V-Pfleger,H/BRD/1989/}) (5... Qa5 6. Qd2
$14) 6. e5 Nfd7 (6... dxe5 7. dxe5 Qxd1+ 8. Rxd1 b4 9. exf6 bxc3 10. Bd4 $18) (
6... b4 7. exf6 bxc3 8. fxe7 Qxe7 9. bxc3 $16) 7. exd6 exd6 8. d5 $1 b4 9. dxc6
(9. Qd4 $5 bxc3 10. Qxh8 cxb2 11. Qxb2 Qa5+ 12. Bd2 Qxd5 $16) 9... bxc3 10.
cxd7+ Nxd7 11. b3 Be7 12. Bh6 Bb7 13. Nf3 (13. Bg7 Rg8 14. Bxc3 Rc8 15. Bd4 $16
) 13... Qa5 14. Be2 g5 15. Bg7 (15. Qd3 $6 Rg8 16. Qxh7 Nf6 17. Qd3 Ne4 $44)
15... Rg8 16. Bd4 h5 17. Qd3 g4 (17... Rc8 18. Qh7 $16) 18. hxg4 hxg4 19. Bxc3
Qd5 20. Qxd5 Bxd5 21. Nd4 $16 Rc8 22. Bb4 Bxg2 23. Rg1 Ba8 (23... Bh3 24. O-O-O
Rg5 25. Nb5 $16) 24. Rxg4 Rh8 25. O-O-O Ne5 26. Rgg1 Be4 27. f3 Bg6 28. f4 Rh2
29. f5 (29. fxe5 dxe5 30. Bb5+ Kf8 31. Bxe7+ Kxe7 32. Rxg6 fxg6 33. Nc6+ Ke6
34. Bc4+ $16) 29... Bh7 (29... Bxf5 30. Nxf5 Rxe2 31. Rg8+ Kd7 (31... Bf8 32.
Nxd6+ $18) 32. Rxc8 Kxc8 33. Nxe7+ $18) 30. Rh1 Rxh1 31. Rxh1 Bg8 32. Kb1 $18
d5 33. Bd2 Bc5 34. c3 Ke7 35. Rh6 f6 36. Nf3 Nxf3 37. Bxf3 Bd6 38. Rg6 Bf7 39.
Rg7 Rg8 40. Rxf7+ Kxf7 41. Bxd5+ 1-0

[Event "Sitges Sunway op 6th"]
[Site "Sitges"]
[Date "2019.12.18"]
[Round "6"]
[White "Edouard, Romain"]
[Black "Firat, Burak"]
[Result "1-0"]
[WhiteElo "2653"]
[BlackElo "2475"]
[Annotator "Edouard,R"]
[PlyCount "59"]
[EventDate "2019.12.13"]
[EventType "swiss"]
[EventRounds "10"]
[EventCountry "ESP"]
[SourceTitle "CBM 194 Extra"]
[Source "ChessBase"]
[SourceDate "2020.03.31"]
[SourceVersion "1"]
[SourceVersionDate "2020.03.31"]
[SourceQuality "1"]

{[%evp 0,59,31,32,33,33,47,47,71,75,75,53,69,22,29,25,76,31,44,59,112,75,75,64,
64,121,121,-9,3,-73,-37,-19,-58,-58,-63,-67,-31,-129,0,0,0,-96,-6,-36,-57,-43,
-49,-100,24,16,170,163,171,165,163,173,396,396,1349,1349,1349,1805]} 1. d4 Nf6
2. Bf4 g6 3. Nc3 $5 d6 (3... d5 {should be critical, to avoid e2-e4.} 4. e3 Bg7
5. h4 {Let's see some sample lines and games that will make you eager to play
that line with White:} h5 (5... O-O $6 6. h5 $1 c5 (6... Nxh5 $6 7. Rxh5 gxh5
8. Qxh5 Nd7 9. Bd3 Nf6 10. Qh4 Ne4 $2 11. Bxc7 $1 Qxc7 12. Nxd5 Qa5+ 13. b4
Qxd5 14. Bxe4 $18) 7. hxg6 fxg6 8. dxc5 b6 9. cxb6 Qxb6 10. Rb1 Nc6 11. Nf3 Bg4
12. Be2 Rad8 {1-0 (76) Aronian,L (2789)-Nepomniachtchi,I (2751) chess.com 2017}
13. O-O $14) (5... a6 6. h5 $5 Nxh5 7. Rxh5 gxh5 8. Qxh5 c6 $1 (8... e6 $2 9.
Qh2 Nc6 10. Bxc7 Qd7 11. Nf3 b5 12. Qg3 Bf6 13. e4 $16 {1-0 (26) Bortnyk,O 
(2610)-Mikhalevski,V (2538) chess.com 2018}) 9. Nf3 h6 10. O-O-O Nd7 11. Qh2
$44 {1-0 (35) Jobava,B (2706)-Savchenko,B (2556) Minsk 2014}) 6. Nf3 Bg4 {
Otherwise Ne5.} 7. Qd2 $1 Bxf3 8. gxf3 O-O (8... c6 9. O-O-O Nbd7 10. Kb1 e6
11. e4 Qa5 $2 12. Nxd5 Qxd2 13. Nxf6+ Nxf6 14. Rxd2 $16 {1-0 (61) Bauer,C 
(2625)-Maze,S (2620) chess.com 2018}) 9. O-O-O c5 $6 (9... c6 10. e4 e6 11. Bg5
$16) 10. dxc5 Nc6 11. Nxd5 Nxd5 12. Qxd5 Qa5 13. Qb3 e5 14. Bh2 Qxc5 15. Rg1
$16 {1-0 (23) Navara,D (2732)-Bobras,P (2512) Czech Republic 2017}) 4. e4 Bg7
5. Qd2 c6 {Black should definitely act on the queenside.} (5... Nc6 6. O-O-O
O-O (6... e5 $2 7. dxe5 $16) 7. Nf3 Bg4 8. Qe3 Nd7 (8... Bxf3 9. gxf3 $1 $14)
9. Bg5 $1 Qe8 10. Bh6 $1 Bxf3 11. gxf3 e5 12. Bxg7 Kxg7 13. dxe5 Qxe5 14. Nd5
$16 {1-0 (48) Mamedov,R (2655)-Grischuk,A (2747) Almaty 2016}) 6. Bh6 Bxh6 $1 (
6... O-O $6 7. h4 $1 {may quickly go wrong for Black: just a bad Pirc Defence!}
) 7. Qxh6 b5 $6 (7... e5 {should be a better move, although after} 8. O-O-O {
I would definitely pick White.}) 8. e5 {The most natural move, but the engine
proposes two other ways to get an advantage.} (8. Nf3 b4 9. Nd1 Nxe4 10. Bd3
Nf6 11. O-O $44) (8. Bd3 e5 9. dxe5 dxe5 10. Nf3 Nbd7 11. h3 $14) 8... dxe5 9.
dxe5 Nd5 10. O-O-O Be6 (10... Qa5 11. Nxd5 cxd5 12. Qd2 $1 $16 (12. Rxd5 a6 {
would be less clear.})) 11. Nxd5 $6 (11. Bxb5 $1 {would have won a pawn:} cxb5
(11... Nd7 12. Bxc6 Nxc3 13. bxc3 $16) 12. Qd2 Nc6 13. Nxd5 Nxe5 $2 14. Qc3 $18
) 11... Bxd5 12. Qg7 $2 (12. e6 $5 fxe6 (12... Qa5 13. exf7+ Bxf7 14. a3 b4 15.
Qd2) 13. Qg7 (13. Bd3 $5) 13... Kd7 $1 {and ...Qf8 next, and the position
isn't that clear.}) 12... Rf8 13. e6 $6 (13. Nf3 Qa5 $1 (13... e6 $5) 14. Ng5
Na6 15. Nxh7 O-O-O 16. Nxf8 Qxa2 17. Bd3 Qa1+ 18. Kd2 Qxb2 $44 {Such lines I
had no idea what was going on! The engine claims it's equal!}) 13... Qa5 $1 14.
exf7+ Rxf7 15. Qg8+ Rf8 16. Qxh7 Qxa2 17. Qxg6+ Kd8 {The bishop d5 is too
strong: the initiative belongs to Black!} 18. Qg7 {The only move not to be
worse.} Rxf2 (18... Qa1+ 19. Kd2 Qa5+ $11 (19... Rxf2+ 20. Ne2 Qa5+ 21. Ke3 {
is what I was hoping for.})) (18... Nd7 $5) 19. Ne2 Nd7 $1 20. Qd4 (20. Qg3
Qa1+ 21. Kd2 Qa5+ $11) 20... Qa1+ 21. Kd2 Qa5+ 22. b4 $6 (22. Kc1 $11) 22...
Qb6 23. Ke3 $2 (23. Ke1 $142 $11) 23... Bxg2 $2 ({After} 23... Rf5 $1 $17 {
I would have regretted my previous ambitious moves.}) 24. Rg1 Rf3+ $4 (24...
Rxf1 $1 25. Rdxf1 c5 {would still save the day:} 26. bxc5 Qe6+ 27. Kd2 Bxf1 28.
Rxf1 Kc7 $13) 25. Kd2 {Now White wins!} Bxf1 (25... Qxd4+ 26. Nxd4 Rf2+ 27. Ke3
$18) (25... c5 26. bxc5 $1 Qh6+ 27. Ke1 $18) 26. Rg8+ Kc7 27. Rxa8 c5 28. Qh8
Qe6 29. Rxa7+ Kb6 30. Qd8+ $1 (30. Qd8+ Kxa7 31. Qc7+ {and Ra1 next.}) 1-0